00482nam a2200169Ia 4500003000400000008004100004040001600045082001300061100002100074245006500095260006200160300001000222650001200232650001600244650002100260650003100281GCL140319s9999 xx 000 0 eng d aGCL / cGCL04a465bL T1 aLURAS, MARGARITA10aLA TEORIA GRAMATICAL DE VINCENTE SALIVA / cLURAS, MARGARITA a[S.N] : bSOCIEDAD GENERAL ESPANOLA DE LIBRERIA ، c1992 a210 P04aGRAMMAR04aLINGUISTICS04aSPANISH LANGUAGE04aGRAMMAR - SPANISH LANGUAGE